000 00521nam a2200181Ia 4500
001 16204
005 20260306170252.0
008 260306t1996||||xx |||||||||||||| ||und||
041 _aESP
082 _a347.32L
_bL55
100 _aComisión Nacional Supervisora de Empresas y Valores
_eAUT
245 0 _aLey del mercado de valores:
_bLey de fondos de inversión y sus sociedades administradoras
260 _c1996
300 _a171 páginas :
_c20 cm.
650 _aGEN
654 _aCDE
942 _cLIB
_dJUS
_fJUS
_2ddc
_n
999 _c16204
_d16204